000 00803nam a2200229Ia 4500
003 OSt
005 20260101145201.0
008 220923b |||||||| |||| 00| 0 eng d
037 _cGeneral Book
040 _aRTL
_cRTL
_beng
041 _2eng
_aeng
084 _aX:8M, K9
_qRTL
100 _aCandlin D B
_9287744
245 0 _aOrganization and Methods
_b A management service
260 _aLondon
_bPergamon Press U. K.
_c1969
300 _aviii, 214p.
_ccm.
_bIncludes bibliographical references and index.
490 _aCommonwealth and International Library, Social Administration, Training and Economics and Production Division
500 _aBibliography p. 211-12
650 _aOffice Management
_9861024
942 _hX:8M, K9
_cGB
_2CC
_n0
999 _c577051
_d577051